| 000 | 00428nam a2200181Ia 4500 | ||
|---|---|---|---|
| 001 | 24252 | ||
| 005 | 20260414151031.0 | ||
| 008 | 260414t2017||||xx |||||||||||||| ||spa|| | ||
| 041 | _aESP | ||
| 082 |
_a345.2 _bB119 |
||
| 100 |
_aBazalar Paz, Víctor Manuel _eAUT |
||
| 245 | 0 |
_aEl proceso inmediato _b |
|
| 260 | _c2017 | ||
| 300 |
_a202 páginas : _c25 cm. |
||
| 650 | _aDER | ||
| 654 | _aCDE | ||
| 942 |
_cLIB _dJUS _fJUS _2ddc _n |
||
| 999 |
_c24252 _d24252 |
||